<?xml version="1.0" encoding="UTF-8"?><?xml-stylesheet type="text/xsl" href="static/style.xsl"?><OAI-PMH xmlns="http://www.openarchives.org/OAI/2.0/" xmlns:xsi="http://www.w3.org/2001/XMLSchema-instance" xsi:schemaLocation="http://www.openarchives.org/OAI/2.0/ http://www.openarchives.org/OAI/2.0/OAI-PMH.xsd"><responseDate>2026-06-03T10:51:03Z</responseDate><request verb="GetRecord" identifier="oai:riuma.uma.es:10630/36907" metadataPrefix="marc">https://riuma.uma.es/rest/oai/request</request><GetRecord><record><header><identifier>oai:riuma.uma.es:10630/36907</identifier><datestamp>2026-02-03T11:26:49Z</datestamp><setSpec>com_10630_2254</setSpec><setSpec>col_10630_37953</setSpec></header><metadata><record xmlns="http://www.loc.gov/MARC21/slim" xmlns:dcterms="http://purl.org/dc/terms/" xmlns:doc="http://www.lyncode.com/xoai" xmlns:xsi="http://www.w3.org/2001/XMLSchema-instance" xsi:schemaLocation="http://www.loc.gov/MARC21/slim http://www.loc.gov/standards/marcxml/schema/MARC21slim.xsd">
   <leader>00925njm 22002777a 4500</leader>
   <datafield ind2=" " ind1=" " tag="042">
      <subfield code="a">dc</subfield>
   </datafield>
   <datafield ind2=" " ind1=" " tag="720">
      <subfield code="a">Ruiz-Román, Cristóbal</subfield>
      <subfield code="e">author</subfield>
   </datafield>
   <datafield ind2=" " ind1=" " tag="720">
      <subfield code="a">Herrera-Pastor, David</subfield>
      <subfield code="e">author</subfield>
   </datafield>
   <datafield ind2=" " ind1=" " tag="720">
      <subfield code="a">Bernedo-Muñoz, Isabel María</subfield>
      <subfield code="e">author</subfield>
   </datafield>
   <datafield ind2=" " ind1=" " tag="720">
      <subfield code="a">Crecente Da Pena, María</subfield>
      <subfield code="e">author</subfield>
   </datafield>
   <datafield ind2=" " ind1=" " tag="260">
      <subfield code="c">2022</subfield>
   </datafield>
   <datafield ind2=" " ind1=" " tag="520">
      <subfield code="a">La falta de oportunidades que encuentran los jóvenes migrantes que viajan a España sin sus familias, choca con los sueños que les impulsan a arriesgar sus vidas cruzando desde África hacia Europa. Uno de los grandes retos que tiene hoy la acción socioeducativa que se desarrolla con este colectivo es promover sistemas de apoyo e inclusión que no los dejen en los márgenes de la sociedad. Este artículo se desprende de un proyecto europeo con jóvenes migrantes extutelados por el sistema de protección de menores que tenía como objetivo explorar los procesos de resiliencia y el acompañamiento socioeducativo experimentados por dichos jóvenes. La metodología cualitativa combinaba varias técnicas de recogida de datos en las que se llevaron a cabo 32 Entrevistas para las Lifeline y 1 Grupo Focal con jóvenes migrantes, 1 DAFO y 1 Grupo Focal con profesionales de la acción socioeducativa y 4 Diarios Analíticos del alumnado universitario voluntario. Se presentan resultados en relación&#xd;
a tres grandes categorías: “Oportunidades”, “Sueños” y “Apoyos”, que se analizan poniendo de relieve el papel que adquieren tanto en las narrativas y desarrollo de los proyectos vitales de los jóvenes, como en la práctica de los profesionales de la acción socioeducativa. Todo ello se pone en discusión con la literatura más reciente para extraer algunas ideas valiosas para la práctica de la educación social en relación al tipo de acompañamiento educativo y a los procesos de resiliencia que estos jóvenes migrantes esperan poder desarrollar en sus proyectos migratorios.</subfield>
   </datafield>
   <datafield ind1="8" ind2=" " tag="024">
      <subfield code="a">(2022) 41, 15 - 27</subfield>
   </datafield>
   <datafield ind1="8" ind2=" " tag="024">
      <subfield code="a">https://hdl.handle.net/10630/36907</subfield>
   </datafield>
   <datafield ind1="8" ind2=" " tag="024">
      <subfield code="a">10.7179/PSRI_2022.41.01</subfield>
   </datafield>
   <datafield tag="653" ind2=" " ind1=" ">
      <subfield code="a">Menores emigrantes - Protección, asistencia, etc</subfield>
   </datafield>
   <datafield ind2="0" ind1="0" tag="245">
      <subfield code="a">Acompañamiento socioeducativo y resiliencia en jóvenes migrantes extutelados: una aproximación desde las oportunidades, los sueños y los apoyos.</subfield>
   </datafield>
</record>
</metadata></record></GetRecord></OAI-PMH>